Online
Catalog

Martín Lutero : (Record no. 55115)

MARC details
000 -CABECERA
campo de control de longitud fija 01622nam a2200397 i 4500
003 - IDENTIFICADOR DEL NÚMERO DE CONTROL
campo de control DO-SdBNP
005 - FECHA Y HORA DE LA ÚLTIMA TRANSACCIÓN
campo de control 20250506113942.0
006 - CÓDIGOS DE INFORMACIÓN DE LONGITUD FIJA--CARACTERÍSTICAS DEL MATERIAL ADICIONAL
campo de control de longitud fija a||||gr|||| 00| 0
007 - CAMPO FIJO DE DESCRIPCIÓN FÍSICA--INFORMACIÓN GENERAL
campo de control de longitud fija ta
008 - DATOS DE LONGITUD FIJA--INFORMACIÓN GENERAL
campo de control de longitud fija 231009e2017 sp aoc|| |||| 00| e spa d
020 ## - NÚMERO INTERNACIONAL ESTÁNDAR DEL LIBRO
Número Internacional Estándar del Libro 9788430618637
040 ## - FUENTE DE LA CATALOGACIÓN
Centro catalogador/agencia de origen DO-SdBNP
Lengua de catalogación spa
Centro/agencia transcriptor BNPHU
Normas de descripción rda
082 #4 - NÚMERO DE LA CLASIFICACIÓN DECIMAL DEWEY
Número de documento/Ítem L973R
Número de edición 22
100 1# - ENTRADA PRINCIPAL--NOMBRE DE PERSONA
Nombre de persona Roper, Lyndal
9 (RLIN) 87655
245 00 - MENCIÓN DE TÍTULO
Título Martín Lutero :
Resto del título renegado y profeta /
Mención de responsabilidad, etc. Lyndal Roper ; traducción de Sandra Chaparro; imagen de cubierta, Lucas Cranach.
250 ## - MENCIÓN DE EDICIÓN
Mención de edición
264 #4 - PRODUCCIÓN, PUBLICACIÓN, DISTRIBUCIÓN, FABRICACIÓN Y COPYRIGHT
Producción, publicación, distribución, fabricación y copyright Barcelona , España :
Nombre del de productor, editor, distribuidor, fabricante Taurus,
Fecha de producción, publicación, distribución, fabricación o copyright 2017
300 ## - DESCRIPCIÓN FÍSICA
Extensión 621 páginas :
Otras características físicas Ilustraciones, fotografías, retratos ;
Dimensiones 24 cm.
336 ## - TIPO DE CONTENIDO
Fuente rdacontent
Término de tipo de contenido texto
Código de tipo de contenido txt
337 ## - TIPO DE MEDIO
Fuente rdamedia
Nombre/término del tipo de medio sin mediación
Código del tipo de medio n
338 ## - TIPO DE SOPORTE
Fuente rdacarrier
Nombre/término del tipo de soporte volumen
Código del tipo de soporte nc
490 0# - MENCIÓN DE SERIE
Mención de serie Memorias y biografías
500 ## - NOTA GENERAL
Nota general Incluye biografía de la autora en las solapas de las cubiertas.
500 ## - NOTA GENERAL
Nota general La biografía definitiva de Lutero en el Quinto Centenario Centenario de la Reforma.
500 ## - NOTA GENERAL
Nota general Incluye índice analítico páginas 599 - 621.
500 ## - NOTA GENERAL
Nota general Incluye lista de ilustraciones.
500 ## - NOTA GENERAL
Nota general Incluye notas bibliográficas.
504 ## - NOTA DE BIBLIOGRAFÍA, ETC.
Nota de bibliografía, etc. Bibliografía: 573 - 597.
586 ## - NOTA DE PREMIOS
Nota de premios Ganadora del Gerda Henkel Prize y finalista del Wolfson Histoy Prize 2017 y del Elizabeth Longford Prize 2017.
590 ## - NOTA LOCAL (RLIN)
Nota local Inventariado 2023 / MF
650 ## - PUNTO DE ACCESO ADICIONAL DE MATERIA--TÉRMINO DE MATERIA
Término de materia o nombre geográfico como elemento de entrada Reforma
Subdivisión geográfica Alemania
Subdivisión de forma Biografía
9 (RLIN) 87656
650 ## - PUNTO DE ACCESO ADICIONAL DE MATERIA--TÉRMINO DE MATERIA
Término de materia o nombre geográfico como elemento de entrada Iglesia Luterana
Subdivisión geográfica Alemania
Subdivisión general Clero
Subdivisión de forma Biografía
9 (RLIN) 87657
700 1# - PUNTO DE ACCESO ADICIONAL--NOMBRE DE PERSONA
Nombre de persona Chaparro, Sandra,
Término indicativo de función/relación traductora
9 (RLIN) 84415
700 1# - PUNTO DE ACCESO ADICIONAL--NOMBRE DE PERSONA
Nombre de persona Cranach, Lucas
Término indicativo de función/relación fotografía de cubierta.
9 (RLIN) 84416
Fechas asociadas al nombre 1472-1553
942 ## - ELEMENTOS DE PUNTO DE ACCESO ADICIONAL (KOHA)
Fuente del sistema de clasificación o colocación Dewey Decimal Classification
Tipo de ítem Koha Libro
Holdings
Estado de retiro Estado de pérdida Fuente del sistema de clasificación o colocación Restricciones de uso No para préstamo Código de colección Localización permanente Ubicación/localización actual Ubicación en estantería Fecha de adquisición Fuente de adquisición Total de préstamos Signatura topográfica completa Código de barras Fecha visto por última vez Precio válido a partir de Tipo de ítem Koha
    Dewey Decimal Classification Préstamo en sala   General Biblioteca Nacional Pedro Henríquez Ureña Biblioteca Nacional Pedro Henríquez Ureña En catalogación 02.11.2017 Compra / Librería Cuesta   L973R 2023-6760 09.10.2023 09.10.2023 Libro

Powered by Koha